Fábulas mitológicas en España

Saved in:
Bibliografiske detaljer
Hovedforfatter: Cossío, José María de (Author)
Format: Bog
Sprog:spansk
Udgivet: Madrid Espasa-Calpe 1952
Fag:
Tags: Tilføj Tag
Ingen Tags, Vær først til at tagge denne postø!

MARC

LEADER 00000nam a2200000 a 4500
001 UCZ1811
003 CL-VaPUC
008 950907e19520000SP |||||||||||||||||spa|d
082 0 4 |a 861  |b COS  |2 21 
100 |a Cossío, José María de  |e author  |9 420115 
245 1 0 |a Fábulas mitológicas en España 
300 |a 907 p 
942 |c BK 
945 |d 19950907 00:00:00  |a rbrito 
260 |a Madrid  |b Espasa-Calpe  |c 1952 
650 0 |a Poesías españolas  |9 265100 
650 0 |a Mitología   |9 255719 
650 7 |a FABULAS ESPAÑOLAS  |2 CL-VaPUC  |9 315726 
583 |a last modification  |c 19950907 00:00:00  |k Rodrigo Vera 
999 |c 238511  |d 238509 
952 |0 0  |1 0  |4 0  |6 861_000000000000000_COS_1952  |7 0  |8 A  |9 248723  |a BIBEDU  |b BIBEDU  |d 2019-11-18  |i 3115542  |o 861 COS 1952  |p 3115542  |r 2019-11-18  |w 2019-11-18  |y BK  |k LIT